|
|
|
|
| LEADER |
00000nab a2200000 a 4500 |
| 001 |
vtls010175457 |
| 003 |
SK-MaSNL |
| 005 |
20260303091911.0 |
| 008 |
140301c2010 xo ||||||||||||00 b|slo |
| 015 |
|
|
|a SNBRB2010/10
|2 snkbucl
|
| 038 |
|
|
|a SNKBUCL
|
| 040 |
|
|
|a SNKBUCL
|b slo
|c SNKBUCL
|e AACR2
|
| 041 |
0 |
|
|a slo
|
| 044 |
|
|
|a xo
|c SK
|
| 080 |
|
|
|a 791.221.5
|x (430)
|2 2001
|
| 100 |
1 |
|
|a Ciel, Martin,
|d 1963-
|4 aut
|9 105586
|
| 245 |
1 |
0 |
|a Dokonalosť harmónie
|c Martin Ciel
|
| 300 |
|
|
|b Fotogr.
|
| 500 |
|
|
|a Réžia: Michael Haneke
|
| 600 |
1 |
7 |
|a Haneke, Michael,
|d 1942-
|2 snkbucl
|9 1100697
|
| 630 |
0 |
7 |
|a Biela stuha (film)
|2 snkbucl
|9 1100698
|
| 655 |
|
7 |
|a recenzie
|2 snkbucl
|9 21907
|
| 773 |
0 |
|
|t Film.sk
|g Roč. 11, č. 9 (2010)
|x 1335-8286
|
| 773 |
0 |
8 |
|t Projekt 100-2010
|g Roč. 11, č. 9 (2010), s. 4-7
|x 1335-8286
|
| 852 |
|
|
|a SNK
|b KIS3GCP
|
| 856 |
4 |
1 |
|u http://www.filmsk.sk/show_content_issue.php?issueno=100/09/2010&archive=1
|
| 958 |
|
|
|a RC
|
| 958 |
|
|
|a DE
|
| 999 |
|
|
|c 1809815
|d 1811745
|